000 00482nam a2200193 a 4500
001 1754983874990
003 ACL
005 20250812130400.0
008 250812s2004##################000#0#eng##
020 _a9780071433211
082 0 4 _a720
_bSTE
100 1 _aKieran, Stephen,
_eauthor.
245 1 0 _aRefabricating ARCHITECTURE :
260 _bMcGraw Hill Professional,
_c2004.
300 _a198 pages
650 0 _aArchitecture.
942 _cENGLISH
040 _aACL
_beng
_cACL
999 _c581309
_d581309